000 00588nam a22002177a 4500
003 UA-OsUOA
001 118011
007 ta
008 20160704b un ||||| |||| 00| 0 ukr d
100 _aКарабович Т.
090 _a82
_bК21
942 _cSA
040 _aUA-OsUOA
_bukr
_cUA-OsUOA
_dUA-OsUOA
245 _aМотиви вигнання в поетичній творчості Віри Вовк
300 _aС.42-48
955 _a0
041 _aukr
080 _a82
773 0 _w118009
650 7 _a82 Література. Літературознавство
_2UDC
999 _c404049
_d404049